000 00360nam a22001337a 4500
082 _a624.1834
_bEXT
_cL-19, P-46
100 _aGatz, Korad
_943103
245 _aExterior detailing in concrete
260 _aLondon
_bIlIFFE Books Ltd.
300 _a119p. :
_bill. :
_c12 Cm
526 _a0
_b0
_c0
_d624_183400000000000_EXT
650 _aMCE
_9379
942 _2ddc
_cBK
999 _c546903
_d546903